000 00413cam a2200169ua 4500
020 _c21.00
041 _aeng
_h
082 _a828.09
_bFOR/FR
100 _aFord, Boris .
245 _aFrom Dickens to Hardy vol-6 /
_cBoris ford.
_hTextual Documents
260 _aLondon :
_bCassel and Company ,
_c1963.
300 _a505 ; .
365 _a21.00
504 _a
942 _cBK
999 _c5352
_d5352